| 000 | 00511nam a2200169 a 4500 | ||
|---|---|---|---|
| 005 | 20210223120438.0 | ||
| 008 | 991125s1938 mx 000 0 spa u | ||
| 035 | _aUPN01000001386 | ||
| 049 | _aCG | ||
| 050 | 4 |
_aF1232.98 A4 _bV3.2 |
|
| 100 | 1 |
_aValadés, José C., _d1901-1976 _928550 |
|
| 245 | 1 | 0 |
_aAlamán : _bestadista e historiador / _cJosé C. Valadés. |
| 260 |
_aMéxico : _bRobredo, _c1938. |
||
| 300 |
_a576 p., [16] p. de láms. : _bretrs. |
||
| 600 | 1 | 4 |
_aALAMAN, LUCAS, _d1792-1853 _91991 |
| 905 | _aLibro | ||
| 999 |
_c1386 _d1386 |
||